ბათუმის შოთა რუსთაველის სახელმწიფო უნივერსიტეტის ბიბლიოთეკა

Bad Company. (ბიბ.ჩანაწერი № 46051)

000 -LEADER
fixed length control field 00493nam a2200217Ia 4500
001 - CONTROL NUMBER
control field 12881
003 - CONTROL NUMBER IDENTIFIER
control field GE_BSU
008 - FIXED-LENGTH DATA ELEMENTS--GENERAL INFORMATION
fixed length control field 181216s||||||||xx |||||||||||||| ||und||
020 ## - INTERNATIONAL STANDARD BOOK NUMBER
International Standard Book Number 0007768125
040 ## - CATALOGING SOURCE
Transcribing agency GE_BSU
080 ## - UNIVERSAL DECIMAL CLASSIFICATION NUMBER
Universal Decimal Classification number 821.111-312.4
100 ## - MAIN ENTRY--PERSONAL NAME
Personal name Higgins,Jack.
245 ## - TITLE STATEMENT
Title Bad Company.
245 #4 - TITLE STATEMENT
Remainder of title The New Sean Dillon Thriller.
260 ## - PUBLICATION, DISTRIBUTION, ETC.
Place of publication, distribution, etc. London.
260 ## - PUBLICATION, DISTRIBUTION, ETC.
Name of publisher, distributor, etc. Harper Collins Publishers.
260 ## - PUBLICATION, DISTRIBUTION, ETC.
Date of publication, distribution, etc. 2003
300 ## - PHYSICAL DESCRIPTION
Extent 374p;18cm.
653 ## - INDEX TERM--UNCONTROLLED
Uncontrolled term Bad Company.
942 ## - ADDED ENTRY ELEMENTS (KOHA)
Koha item type წიგნი
ეგზემპლარები
Withdrawn status Lost status Damaged status Not for loan Date acquired Barcode Date last seen Price effective from Koha item type
        2018-12-17 36388 2018-12-17 2018-12-17 წიგნი